|
|
|
|
| LEADER |
02911nam a22005295i 4500 |
| 001 |
978-0-387-74313-4 |
| 003 |
DE-He213 |
| 005 |
20151204170050.0 |
| 007 |
cr nn 008mamaa |
| 008 |
100301s2008 xxu| s |||| 0|eng d |
| 020 |
|
|
|a 9780387743134
|9 978-0-387-74313-4
|
| 024 |
7 |
|
|a 10.1007/978-0-387-74313-4
|2 doi
|
| 040 |
|
|
|d GrThAP
|
| 050 |
|
4 |
|a QC174.7-175.36
|
| 072 |
|
7 |
|a PHS
|2 bicssc
|
| 072 |
|
7 |
|a PHDT
|2 bicssc
|
| 072 |
|
7 |
|a SCI055000
|2 bisacsh
|
| 082 |
0 |
4 |
|a 621
|2 23
|
| 100 |
1 |
|
|a Crothers, D.S.F.
|e author.
|
| 245 |
1 |
0 |
|a Semiclassical Dynamics and Relaxation
|h [electronic resource] /
|c by D.S.F. Crothers.
|
| 264 |
|
1 |
|a New York, NY :
|b Springer New York,
|c 2008.
|
| 300 |
|
|
|a XII, 344 p.
|b online resource.
|
| 336 |
|
|
|a text
|b txt
|2 rdacontent
|
| 337 |
|
|
|a computer
|b c
|2 rdamedia
|
| 338 |
|
|
|a online resource
|b cr
|2 rdacarrier
|
| 347 |
|
|
|a text file
|b PDF
|2 rda
|
| 490 |
1 |
|
|a Springer Series on Atomic, Optical, and Plasma Physics,
|x 1615-5653 ;
|v 47
|
| 505 |
0 |
|
|a Mathematics for the Semiclassicist -- Semiclassical Phase Integrals -- Semiclassical Method for Hyperspherical Coordinate Systems -- Ion–Atom Collisions -- Diffusion in Liquids and Solids.
|
| 520 |
|
|
|a This text concerns ‘semiclassical’ within various meanings. These include the familiar JWKB approximation and its phase-integral generalizations in Chapter 2 to two and four transition points with or without one or two poles: by corollary, crossing and non-crossing nonadiabatic collision theory. Above and below threshold Wannier ionization is covered in Chapter 3 where the large parameters are the inverses of the variation of the hyperspherical angles from their ridge values. The more familiar impact parameter treatment, in which the possibly relativistic heavy-particle relative motion is treated classically and the electrons quantally, is well covered in Chapter 4. Diffusion in solids and liquids is described in Chapter 5 where typically the large parameter is the height of the barrier which is overcome by thermal agitation. Hypergeometric functions are introduced in Chapter 1 and Mittag-Leffler functions in Appendix B.
|
| 650 |
|
0 |
|a Physics.
|
| 650 |
|
0 |
|a Quantum physics.
|
| 650 |
|
0 |
|a Atoms.
|
| 650 |
|
0 |
|a Condensed matter.
|
| 650 |
|
0 |
|a Statistical physics.
|
| 650 |
|
0 |
|a Dynamical systems.
|
| 650 |
1 |
4 |
|a Physics.
|
| 650 |
2 |
4 |
|a Statistical Physics, Dynamical Systems and Complexity.
|
| 650 |
2 |
4 |
|a Atomic, Molecular, Optical and Plasma Physics.
|
| 650 |
2 |
4 |
|a Condensed Matter Physics.
|
| 650 |
2 |
4 |
|a Quantum Physics.
|
| 710 |
2 |
|
|a SpringerLink (Online service)
|
| 773 |
0 |
|
|t Springer eBooks
|
| 776 |
0 |
8 |
|i Printed edition:
|z 9780387743127
|
| 830 |
|
0 |
|a Springer Series on Atomic, Optical, and Plasma Physics,
|x 1615-5653 ;
|v 47
|
| 856 |
4 |
0 |
|u http://dx.doi.org/10.1007/978-0-387-74313-4
|z Full Text via HEAL-Link
|
| 912 |
|
|
|a ZDB-2-PHA
|
| 950 |
|
|
|a Physics and Astronomy (Springer-11651)
|